[Event "3e Open International des Sables d'Olonn"]
[Site "Les Sables d'Olonne ; France"]
[Date "2016.07.16"]
[Round "1.1"]
[White "Najart, David"]
[Black "Lagarde, Maxime"]
[Result "0-1"]
[WhiteElo "2159"]
[BlackElo "2575"]
[Annotator "Violeau,Jean-Luc"]
[PlyCount "80"]
[EventDate "2016.??.??"]

1. g3 d5 2. Nf3 Nc6 3. d4 Bg4 4. Bg2 Qd7 5. O-O Bh3 6. c4 Bxg2 7. Kxg2 e6 8.
Nbd2 O-O-O 9. e3 f6 10. a3 g5 11. b4 dxc4 12. b5 Na5 13. Qa4 b6 14. Nxc4 Qd5
15. Nxa5 bxa5 16. Qxa5 g4 17. Qxa7 Qxf3+ 18. Kg1 Qb7 19. Qxb7+ Kxb7 20. Bb2 h5
21. a4 h4 22. Rfc1 Rh5 23. e4 Bd6 24. Rc4 Nh6 25. Rac1 Nf7 26. e5 fxe5 27. dxe5
Nxe5 28. Bxe5 Bxe5 29. Rxg4 h3 30. Re4 Bb2 31. Rb1 Rd2 32. Kf1 Rc5 33. Re2 Rcc2
34. Rxd2 Rxd2 35. Re1 Bd4 36. Rxe6 Rxf2+ 37. Ke1 Rxh2 38. Rh6 Bf2+ 39. Ke2
Bxg3+ 40. Kf3 Bd6 {0-1 Najart,D (2159)-Lagarde,M (2575)/Open 2016} 0-1

[Event "3e Open International des Sables d'Olonn"]
[Site "Les Sables d'Olonne ; France"]
[Date "2016.07.16"]
[Round "1.2"]
[White "Bailet, Pierre"]
[Black "De Lussac, Rainier"]
[Result "1-0"]
[WhiteElo "2500"]
[BlackElo "2121"]
[Annotator "Violeau,Jean-Luc"]
[PlyCount "51"]
[EventDate "2016.??.??"]

1. Nf3 Nf6 2. c4 c5 3. Nc3 Nc6 4. g3 d5 5. cxd5 Nxd5 6. Bg2 Nc7 7. O-O e5 8. a3
Be7 9. b4 f6 10. bxc5 Bxc5 11. Qb3 Rb8 12. Ng5 fxg5 13. Bxc6+ bxc6 14. Qxb8 O-O
15. d3 Qe7 16. Be3 Bh3 17. Bxc5 Qxc5 18. Qb3+ Ne6 19. Ne4 Qd5 20. Rfb1 Nd4 21.
Qa2 Kh8 22. Rb2 Qd8 23. Qc4 Be6 24. Qc5 Bd5 25. Qd6 Qe8 26. Rab1 {1-0 Bailet,P
(2500)-De Lussac,R (2121)/Open 2016} 1-0

[Event "3e Open International des Sables d'Olonn"]
[Site "Les Sables d'Olonne ; France"]
[Date "2016.07.16"]
[Round "1.3"]
[White "Pflaum, Stefan"]
[Black "Chabanon, Jean-Luc"]
[Result "0-1"]
[WhiteElo "2077"]
[BlackElo "2466"]
[PlyCount "46"]
[EventDate "2016.??.??"]

1. d4 Nf6 2. c4 e6 3. Nc3 Bb4 4. Bg5 h6 5. Bh4 b6 6. f3 Be7 7. e3 O-O 8. Bd3 d5
9. Nge2 Bb7 10. O-O c5 11. Re1 Nc6 12. Rc1 cxd4 13. exd4 dxc4 14. Bxc4 Rc8 15.
Bb3 Na5 16. Ba4 Nc4 17. Rb1 a6 18. Bf2 b5 19. Bc2 Qa5 20. Ne4 Nxe4 21. fxe4 Nd2
22. e5 Rxc2 23. Qxc2 Be4 0-1

[Event "3e Open International des Sables d'Olonn"]
[Site "Les Sables d'Olonne ; France"]
[Date "2016.07.16"]
[Round "1.4"]
[White "Thibault, Pierre-Olivier"]
[Black "Tirard, Hugo"]
[Result "0-1"]
[WhiteElo "2049"]
[BlackElo "2452"]
[PlyCount "80"]
[EventDate "2016.??.??"]

1. e4 c5 2. Nf3 Nc6 3. d4 cxd4 4. Nxd4 e5 5. Nb5 d6 6. c4 g6 7. Be2 a6 8. N5c3
Nf6 9. O-O Bg7 10. Be3 O-O 11. Nd2 Be6 12. b4 Rc8 13. Nd5 Nd7 14. Rb1 f5 15. f3
Nd4 16. Nb3 Nxe2+ 17. Qxe2 fxe4 18. fxe4 Rxf1+ 19. Qxf1 Bxd5 20. exd5 Qh4 21.
Nd2 Nf6 22. Qe2 Ng4 23. g3 Qh5 24. Ne4 Nxe3 25. Qxe3 Rxc4 26. Rf1 Rc2 27. h4
Qg4 28. Rf2 Qd1+ 29. Rf1 Qxd5 30. Qf3 Kh8 31. Rd1 Qxa2 32. Nxd6 h6 33. h5 Rd2
34. Nf7+ Kg8 35. Rxd2 Qxd2 36. hxg6 Qc1+ 37. Qf1 Qxf1+ 38. Kxf1 Bf8 39. Ke2 Kg7
40. Kd3 Bxb4 0-1

[Event "3e Open International des Sables d'Olonn"]
[Site "Les Sables d'Olonne ; France"]
[Date "2016.07.16"]
[Round "1.5"]
[White "Grishchenko, Sergey"]
[Black "Maloberti, David"]
[Result "1-0"]
[WhiteElo "2441"]
[BlackElo "2029"]
[PlyCount "57"]
[EventDate "2016.??.??"]

1. d4 Nf6 2. c4 g6 3. Nc3 Bg7 4. e4 d6 5. Be2 e5 6. d5 O-O 7. g4 c6 8. h4 Na6
9. g5 Ne8 10. h5 f5 11. Nf3 Nc5 12. hxg6 hxg6 13. Nh4 fxe4 14. Nxg6 Rf7 15. Be3
cxd5 16. Nxd5 Be6 17. Bxc5 Bxd5 18. Be3 Be6 19. b3 Nc7 20. Bg4 Qd7 21. Bxe6
Nxe6 22. Qh5 Rf3 23. O-O-O Nd4 24. Qh7+ Kf7 25. Nh4 d5 26. Bxd4 exd4 27. Nxf3
exf3 28. Rxd4 Qe7 29. Qf5+ 1-0

[Event "3e Open International des Sables d'Olonn"]
[Site "Les Sables d'Olonne ; France"]
[Date "2016.07.16"]
[Round "1.6"]
[White "Ashanina, Olga"]
[Black "Stets, Dmitry"]
[Result "0-1"]
[WhiteElo "2023"]
[BlackElo "2416"]
[PlyCount "46"]
[EventDate "2016.??.??"]

1. e4 c5 2. Nf3 Nc6 3. Bb5 d6 4. d4 cxd4 5. Nxd4 Bd7 6. O-O Nf6 7. Nc3 g6 8. h3
Nxd4 9. Bxd7+ Qxd7 10. Qxd4 Bg7 11. Rd1 O-O 12. e5 Ne8 13. Bf4 Qe6 14. Re1 Rc8
15. Qd5 Rxc3 16. Qxe6 fxe6 17. bxc3 Rxf4 18. Rab1 b6 19. exd6 Nxd6 20. Rxe6 Kf7
21. Rbe1 Bf6 22. R6e3 Ra4 23. g4 e5 0-1

[Event "3e Open International des Sables d'Olonn"]
[Site "Les Sables d'Olonne ; France"]
[Date "2016.07.16"]
[Round "1.7"]
[White "Duboue, Peio"]
[Black "Cochet, Caroline"]
[Result "1-0"]
[WhiteElo "2400"]
[BlackElo "2023"]
[PlyCount "81"]
[EventDate "2016.??.??"]

1. e4 c5 2. Nf3 Nc6 3. c3 Nf6 4. d3 g6 5. g3 Bg7 6. Bg2 O-O 7. O-O b6 8. Nh4
Bb7 9. f4 d5 10. e5 Ne8 11. d4 e6 12. b3 Nc7 13. a4 cxd4 14. cxd4 b5 15. Ba3 b4
16. Bb2 a5 17. Nd2 Ba6 18. Rf2 Rc8 19. Rc1 Na8 20. Ndf3 h6 21. Rfc2 Qd7 22. Ne1
Ne7 23. Rc5 Rxc5 24. Rxc5 Nc6 25. g4 Rc8 26. Nhf3 Bf8 27. Rc2 Ne7 28. Nd3 Rxc2
29. Qxc2 Qc6 30. Nc5 Nc8 31. f5 Bxc5 32. dxc5 Ne7 33. Nd4 Qc8 34. fxe6 fxe6 35.
c6 Nc7 36. Qc5 Kf7 37. Qxa5 Qb8 38. Qc5 Bc8 39. Nb5 Na6 40. Qf2+ Kg7 41. Qf6+
1-0

[Event "3e Open International des Sables d'Olonn"]
[Site "Les Sables d'Olonne ; France"]
[Date "2016.07.16"]
[Round "1.8"]
[White "Mariette, Lucas"]
[Black "Colin, Vincent"]
[Result "1/2-1/2"]
[WhiteElo "2017"]
[BlackElo "2395"]
[PlyCount "97"]
[EventDate "2016.??.??"]

1. e4 d5 2. exd5 Nf6 3. Nf3 Nxd5 4. Bc4 Bg4 5. Nc3 e6 6. d3 Nb6 7. Bb3 a5 8. a3
Nc6 9. Be3 a4 10. Ba2 Nd5 11. Nxd5 exd5 12. h3 Bh5 13. Qe2 Be7 14. g4 Bg6 15.
Bc5 O-O 16. Bxe7 Nxe7 17. O-O-O Nc6 18. Rde1 b5 19. Ne5 Nxe5 20. Qxe5 c6 21. f4
h6 22. f5 Bh7 23. Qf4 Qh4 24. Qe5 Rad8 25. Qe7 Qxe7 26. Rxe7 Rfe8 27. Rhe1 Kf8
28. Rxe8+ Rxe8 29. Rxe8+ Kxe8 30. Kd2 Ke7 31. c4 Kd6 32. Kc3 g6 33. f6 g5 34.
cxb5 cxb5 35. Kd4 Ke6 36. Bxd5+ Kxf6 37. Bc6 b4 38. axb4 Ke7 39. Bxa4 f5 40.
Bc6 Kd6 41. Bf3 Bg6 42. b5 Kc7 43. Kc4 Kb6 44. gxf5 Bxf5 45. Bg4 Bg6 46. Bd7
Kc7 47. Bc6 Bf5 48. Bg2 Kb6 49. d4 1/2-1/2

[Event "3e Open International des Sables d'Olonn"]
[Site "Les Sables d'Olonne ; France"]
[Date "2016.07.16"]
[Round "1.10"]
[White "De Lussac, Estephe"]
[Black "Kirk, Ezra"]
[Result "0-1"]
[WhiteElo "1996"]
[BlackElo "2349"]
[PlyCount "80"]
[EventDate "2016.??.??"]

1. e4 c5 2. Nf3 Nc6 3. Nc3 g6 4. Bc4 Bg7 5. d3 Nf6 6. O-O O-O 7. a3 d6 8. h3 a6
9. Ba2 Nd7 10. Ne2 b5 11. c3 Bb7 12. Be3 Rc8 13. Nd2 e6 14. f4 Qe7 15. Qe1 a5
16. Bf2 Rce8 17. Bh4 Bf6 18. Bxf6 Qxf6 19. Qg3 Qg7 20. Rae1 Kh8 21. Qh4 Ne7 22.
Rf3 d5 23. g4 c4 24. Bb1 dxe4 25. dxe4 e5 26. f5 gxf5 27. exf5 Bxf3 28. Nxf3 f6
29. Ng3 Ng8 30. Be4 Nc5 31. Bc6 Rd8 32. Bxb5 Qb7 33. Re3 Rd3 34. Rxd3 Nxd3 35.
g5 Qxf3 36. g6 Qe3+ 37. Kh2 Qd2+ 38. Kg1 Qh6 39. Qxh6 Nxh6 40. Bxc4 Nf4 0-1

[Event "3e Open International des Sables d'Olonn"]
[Site "Les Sables d'Olonne ; France"]
[Date "2016.07.17"]
[Round "2.1"]
[White "Lagarde, Maxime"]
[Black "Pigeat, Alexandre"]
[Result "1-0"]
[WhiteElo "2575"]
[BlackElo "2277"]
[Annotator "Violeau,Jean-Luc"]
[PlyCount "45"]
[EventDate "2016.??.??"]

1. c4 c6 2. e4 d5 3. exd5 cxd5 4. cxd5 Nf6 5. Nc3 Nxd5 6. Nf3 e6 7. d4 Nc6 8.
Bc4 Bb4 9. Qd3 O-O 10. O-O Nde7 11. a3 Bxc3 12. bxc3 Qc7 13. Re1 Ng6 14. h4 h5
15. Ng5 Nce7 16. Ba2 Nf5 17. Qf3 Nfxh4 18. Qxh5 Re8 19. Bd2 Bd7 20. Re4 Nf5 21.
Nxf7 Kxf7 22. Qxf5+ Kg8 23. Qxg6 {1-0 Lagarde,M (2575)-Pigeat,A (2277)/Open
2016} 1-0

[Event "3e Open International des Sables d'Olonn"]
[Site "Les Sables d'Olonne ; France"]
[Date "2016.07.17"]
[Round "2.2"]
[White "Ravot, Sylvain"]
[Black "Bailet, Pierre"]
[Result "0-1"]
[WhiteElo "2231"]
[BlackElo "2500"]
[Annotator "Violeau,Jean-Luc"]
[PlyCount "88"]
[EventDate "2016.??.??"]

1. e4 g6 2. d4 Bg7 3. Nf3 d6 4. Nc3 Nf6 5. Be2 O-O 6. O-O c5 7. d5 e6 8. dxe6
Bxe6 9. e5 dxe5 10. Nxe5 Nd5 11. Nxd5 Bxd5 12. Bf3 Bxf3 13. Nxf3 Nc6 14. c3 Qb6
15. Qc2 Rac8 16. Be3 Nd4 17. Nxd4 cxd4 18. Bd2 Rfd8 19. Rac1 Rc6 20. Qb1 dxc3
21. Bxc3 Rdc8 22. Bxg7 Kxg7 23. Rxc6 Qxc6 24. Qd3 Qc4 25. Qd7 Rc7 26. Qd6 Rc5
27. Rd1 b6 28. g3 Qxa2 29. Qd4+ f6 30. Qd7+ Qf7 31. Qd8 Rc7 32. h4 Qe7 33. Qd5
a5 34. Qd4 Qe6 35. Qd6 Qxd6 36. Rxd6 Rb7 37. Kg2 a4 38. Kf3 b5 39. Ra6 f5 40.
h5 Kh6 41. hxg6 hxg6 42. Kg2 Kg5 43. Kf3 Rd7 44. Rb6 Rd3+ {0-1 Ravot,S (2231)
-Bailet,P (2500)/Open 2016} 0-1

[Event "3e Open International des Sables d'Olonn"]
[Site "Les Sables d'Olonne ; France"]
[Date "2016.07.17"]
[Round "2.3"]
[White "Chabanon, Jean-Luc"]
[Black "Bogdanov, Egor"]
[Result "0-1"]
[WhiteElo "2466"]
[BlackElo "2269"]
[PlyCount "76"]
[EventDate "2016.??.??"]

1. d4 Nf6 2. c4 g6 3. Nc3 Bg7 4. e4 d6 5. Nf3 O-O 6. Be2 e5 7. O-O Nc6 8. d5
Ne7 9. b4 Nh5 10. g3 f5 11. Ng5 Nf6 12. f3 Nh5 13. c5 Bf6 14. Ne6 Bxe6 15. dxe6
dxc5 16. Qxd8 Rfxd8 17. bxc5 c6 18. Rb1 Rab8 19. Be3 f4 20. Bf2 fxg3 21. hxg3
Kf8 22. Rfd1 Rxd1+ 23. Nxd1 Ng7 24. Bc4 Nc8 25. Ne3 Ke7 26. Ng4 Nxe6 27. Nxf6
Kxf6 28. Rd1 b6 29. Rd7 bxc5 30. Rxh7 Ng5 31. Rc7 Nd6 32. Rxc6 Rb6 33. Rxc5
Nxf3+ 34. Kg2 Nd2 35. Bb3 Nxb3 36. axb3 Nxe4 37. Ra5 Rxb3 38. Ra6+ Kf5 0-1

[Event "3e Open International des Sables d'Olonn"]
[Site "Les Sables d'Olonne ; France"]
[Date "2016.07.17"]
[Round "2.4"]
[White "Barchuk, Irina"]
[Black "Okhotnik, Vladimir"]
[Result "0-1"]
[WhiteElo "2218"]
[BlackElo "2454"]
[Annotator "Violeau,Jean-Luc"]
[PlyCount "40"]
[EventDate "2016.??.??"]

1. e4 c6 2. Nc3 d5 3. Nf3 Nf6 4. e5 Ne4 5. Ne2 Qb6 6. Ned4 Bg4 7. Qe2 e6 8. Nb3
a5 9. Qe3 Qxe3+ 10. fxe3 a4 11. Nbd4 Nd7 12. h3 Bh5 13. g4 Bg6 14. d3 Ng3 15.
Rg1 Nxf1 16. Rxf1 h5 17. Ne2 hxg4 18. hxg4 f6 19. exf6 gxf6 20. g5 Bg7 {et
gain noir au coup 60.} 0-1

[Event "3e Open International des Sables d'Olonn"]
[Site "Les Sables d'Olonne ; France"]
[Date "2016.07.17"]
[Round "2.5"]
[White "Tirard, Hugo"]
[Black "Frick, Christoph"]
[Result "0-1"]
[WhiteElo "2452"]
[BlackElo "2245"]
[PlyCount "68"]
[EventDate "2016.??.??"]

1. e4 c6 2. d4 d5 3. e5 Bf5 4. Nf3 e6 5. Be2 Nd7 6. Nbd2 Bg6 7. O-O Nh6 8. Nb3
Be7 9. a4 O-O 10. c4 dxc4 11. Bxc4 Nb6 12. Bd3 Nf5 13. g4 Nh4 14. Nxh4 Bxh4 15.
Bxg6 hxg6 16. Nc5 Rb8 17. Ra3 Be7 18. b4 Qd5 19. Qd3 Rfd8 20. Rd1 Nd7 21. Rb3
a5 22. Nxd7 Rxd7 23. b5 Rbd8 24. Bb2 Bb4 25. h4 c5 26. Qc2 b6 27. h5 g5 28.
Rbd3 Qe4 29. f3 Qh7 30. Qc1 cxd4 31. Bxd4 Rd5 32. Bxb6 Rxd3 33. Bxd8 Rxf3 34.
Bxg5 Qe4 0-1

[Event "3e Open International des Sables d'Olonn"]
[Site "Les Sables d'Olonne ; France"]
[Date "2016.07.17"]
[Round "2.6"]
[White "Eugene, Floryan"]
[Black "Grishchenko, Sergey"]
[Result "0-1"]
[WhiteElo "2199"]
[BlackElo "2441"]
[PlyCount "47"]
[EventDate "2016.??.??"]

1. e4 c6 2. Nc3 d5 3. Nf3 dxe4 4. Nxe4 Nf6 5. Qe2 Bf5 6. d3 e6 7. g3 Be7 8. Bg2
Qa5+ 9. Nfd2 Nbd7 10. O-O Qa6 11. Re1 O-O 12. Nc4 Rad8 13. Bf4 Nb6 14. Ncd6
Bxe4 15. Nxe4 Nxe4 16. dxe4 Qxe2 17. Rxe2 Nc4 18. b3 e5 19. Bc1 Rd1+ 20. Bf1
Bg5 21. f4 exf4 22. bxc4 f3 23. Rf2 Bxc1 24. Rb1 0-1

[Event "3e Open International des Sables d'Olonn"]
[Site "Les Sables d'Olonne ; France"]
[Date "2016.07.17"]
[Round "2.7"]
[White "Stets, Dmitry"]
[Black "Hutois, Mickael"]
[Result "1-0"]
[WhiteElo "2416"]
[BlackElo "2223"]
[PlyCount "97"]
[EventDate "2016.??.??"]

1. e4 e5 2. Nf3 Nc6 3. Bb5 g6 4. c3 Nge7 5. d4 exd4 6. cxd4 a6 7. Ba4 Bg7 8.
O-O b5 9. Bb3 O-O 10. Nc3 d6 11. h3 Na5 12. Bc2 c5 13. Bf4 cxd4 14. Nxd4 d5 15.
Re1 Ra7 16. e5 Nc4 17. b3 Nb6 18. Rc1 Rc7 19. Qd2 Be6 20. Bb1 Nd7 21. h4 Qa8
22. Bh6 Rfc8 23. Bxg7 Kxg7 24. h5 Qb8 25. Qg5 Qb6 26. Qe3 Nc6 27. Nxe6+ fxe6
28. Qg3 Nf8 29. Ne2 Ne7 30. Rxc7 Qxc7 31. Qg5 Ng8 32. hxg6 hxg6 33. Nf4 Qe7 34.
Nh5+ Kf7 35. Qf4+ Ke8 36. Nf6+ Nxf6 37. exf6 Qc7 38. Qh6 Qf7 39. Qg5 Rc6 40.
Qxd5 Qd7 41. Qg5 Qh7 42. Be4 Rd6 43. Rc1 Qh5 44. Qxh5 gxh5 45. Rc7 e5 46. Re7+
Kd8 47. Rxe5 Nd7 48. f7 Rf6 49. Rxh5 1-0

[Event "3e Open International des Sables d'Olonn"]
[Site "Les Sables d'Olonne ; France"]
[Date "2016.07.17"]
[Round "2.8"]
[White "Flachet, Thierry"]
[Black "Duboue, Peio"]
[Result "0-1"]
[WhiteElo "2175"]
[BlackElo "2400"]
[PlyCount "214"]
[EventDate "2016.??.??"]

1. Nf3 Nf6 2. c4 c6 3. e3 g6 4. d4 Bg7 5. Bd3 O-O 6. O-O d6 7. b3 e5 8. Be2
exd4 9. exd4 d5 10. Bb2 Re8 11. Re1 Ne4 12. Nbd2 Bg4 13. Nf1 Qb6 14. cxd5 cxd5
15. Ne3 Be6 16. Qd3 Nc6 17. Rec1 a6 18. a3 Rac8 19. b4 Nd6 20. Ne5 Nf5 21. Nxc6
Rxc6 22. Rxc6 bxc6 23. Nxf5 Bxf5 24. Qd2 Rb8 25. Bc3 h5 26. Bf1 Kh7 27. Re1 Qa7
28. h3 a5 29. Qf4 axb4 30. axb4 Ra8 31. g4 hxg4 32. hxg4 Be4 33. Ra1 Qb8 34.
Qxb8 Rxb8 35. Be2 g5 36. f3 Bg6 37. Rc1 Rb6 38. Kf2 Bf8 39. Ke3 Bd6 40. Ra1
Bxb4 41. Bxb4 Rxb4 42. Ra3 c5 43. dxc5 d4+ 44. Kd2 Rb2+ 45. Kd1 Rc2 46. Bd3
Rxc5 47. Kd2 Re5 48. Be2 Kg7 49. Ra4 Rd5 50. Bd3 Rd6 51. Ra5 Rf6 52. Be2 Kh6
53. Ra4 d3 54. Bd1 Rd6 55. Ra5 Bh7 56. Rc5 Kg6 57. Rf5 f6 58. Ra5 Bg8 59. Rc5
Bh7 60. Rc7 Kh6 61. Rc5 Bg6 62. Ra5 Be8 63. Ra7 Bg6 64. Ra5 Rd7 65. Rb5 Kg7 66.
Bb3 Re7 67. Bd1 Kf7 68. Rb6 f5 69. gxf5 Bxf5 70. Ra6 Rd7 71. Rb6 Ke7 72. Bb3
Rd8 73. Bc4 Rd4 74. Bb3 Rh4 75. Bd1 Rh1 76. Ra6 Rg1 77. Rb6 Be6 78. Bb3 Bf5 79.
Bd1 Rg2+ 80. Ke3 Rg1 81. Kd2 Rf1 82. Ra6 Be6 83. Rb6 Bd5 84. Rg6 Rg1 85. Rb6
Be6 86. Bb3 Bf5 87. Bd1 Kf7 88. Ra6 Rf1 89. Rd6 Kg7 90. Rc6 Bg6 91. Rd6 Kh6 92.
Rc6 Rg1 93. Rf6 Kh5 94. Re6 Bf7 95. Rf6 Bd5 96. Rc6 Be4 97. Rc5 Rxd1+ 98. Kxd1
Bxf3+ 99. Kd2 Be2 100. Ke3 Kh4 101. Rc7 Kg3 102. Rh7 g4 103. Rh8 Kg2 104. Rf8
g3 105. Rf7 Kg1 106. Rf8 g2 107. Rf7 Kh2 0-1

[Event "3e Open International des Sables d'Olonn"]
[Site "Les Sables d'Olonne ; France"]
[Date "2016.07.17"]
[Round "2.9"]
[White "Kirk, Ezra"]
[Black "Gerard, Nicolas"]
[Result "1-0"]
[WhiteElo "2349"]
[BlackElo "2192"]
[PlyCount "57"]
[EventDate "2016.??.??"]

1. d4 d5 2. c4 dxc4 3. Nf3 Nf6 4. e3 a6 5. Bxc4 e6 6. a4 c5 7. O-O Nc6 8. Qe2
Qc7 9. Nc3 Bd6 10. Bd2 O-O 11. Rac1 Bd7 12. Bd3 Qb6 13. dxc5 Bxc5 14. e4 e5 15.
a5 Qd8 16. Nd5 Be7 17. Nb6 Rb8 18. h3 Be6 19. Bc4 Bxc4 20. Qxc4 Nd7 21. Nd5 Nf6
22. Rfd1 Nxd5 23. exd5 Nd4 24. Nxe5 Nb5 25. Bb4 Bd6 26. Bxd6 Qxd6 27. Nd3 Rfe8
28. Nc5 Qe5 29. Nd7 1-0

[Event "3e Open International des Sables d'Olonn"]
[Site "Les Sables d'Olonne ; France"]
[Date "2016.07.17"]
[Round "2.10"]
[White "Nicolleau, Mathias"]
[Black "Bedouin, Xavier"]
[Result "0-1"]
[WhiteElo "1992"]
[BlackElo "2341"]
[PlyCount "52"]
[EventDate "2016.??.??"]

1. d4 d5 2. c4 dxc4 3. Nf3 Nf6 4. e3 e6 5. Bxc4 a6 6. a4 c5 7. O-O Nc6 8. Qe2
cxd4 9. Rd1 Be7 10. exd4 O-O 11. Nc3 Nb4 12. Bg5 Nfd5 13. Bxe7 Nxe7 14. Ne5
Nbd5 15. Ne4 f6 16. Nf3 Nf5 17. Nc5 Re8 18. Ra3 Nd6 19. Ba2 b6 20. Ne4 Bb7 21.
Nxd6 Qxd6 22. Nd2 Nf4 23. Qg4 h5 24. Qf5 Qxd4 25. g3 Qxb2 26. Nc4 Qe2 0-1

[Event "3e Open International des Sables d'Olonn"]
[Site "Les Sables d'Olonne ; France"]
[Date "2016.07.18"]
[Round "3.1"]
[White "Bedouin, Xavier"]
[Black "Lagarde, Maxime"]
[Result "0-1"]
[WhiteElo "2341"]
[BlackElo "2575"]
[Annotator "Violeau,Jean-Luc"]
[PlyCount "80"]
[EventDate "2016.??.??"]

1. e4 e5 2. Nf3 Nc6 3. Bb5 a6 4. Bxc6 dxc6 5. O-O Qf6 6. d4 exd4 7. Bg5 Qd6 8.
Nxd4 Be7 9. Bxe7 Nxe7 10. Nc3 Bd7 11. Nde2 O-O-O 12. Qd4 Qxd4 13. Nxd4 c5 14.
Nde2 b5 15. Rfd1 Bc6 16. Ng3 b4 17. Nce2 g6 18. f3 Bb5 19. Kf2 Kb7 20. Nf4 a5
21. h4 h6 22. h5 Kb6 23. hxg6 fxg6 24. Rxd8 Rxd8 25. Ke3 Bc4 26. Nd3 Nc6 27. f4
Nd4 28. Ne1 Nxc2+ 29. Nxc2 Rd3+ 30. Ke2 Rxg3+ 31. Kf2 Rd3 32. Ne3 Rd2+ 33. Kg3
Bf7 34. b3 a4 35. Nc4+ Bxc4 36. bxc4 Rc2 37. f5 gxf5 38. exf5 Rc3+ 39. Kf4
Rxc4+ 40. Ke5 Rc2 {Kd4 0-1 Bedouin,X (2341)-Lagarde,M (2575)/Open 2016} 0-1

[Event "3e Open International des Sables d'Olonn"]
[Site "Les Sables d'Olonne ; France"]
[Date "2016.07.18"]
[Round "3.2"]
[White "Bailet, Pierre"]
[Black "Kirk, Ezra"]
[Result "1/2-1/2"]
[WhiteElo "2500"]
[BlackElo "2349"]
[Annotator "Violeau,Jean-Luc"]
[PlyCount "47"]
[EventDate "2016.??.??"]

1. d4 Nf6 2. c4 g6 3. Nc3 Bg7 4. e4 d6 5. Nf3 O-O 6. Be2 e5 7. O-O Nc6 8. d5
Ne7 9. b4 Nh5 10. Re1 f5 11. Ng5 Nf4 12. Bxf4 exf4 13. Rc1 Bf6 14. Ne6 Bxe6 15.
dxe6 Bxc3 16. Rxc3 fxe4 17. Bg4 h5 18. Bh3 e3 19. fxe3 fxe3 20. Rcxe3 c6 21.
Qd4 a5 22. b5 cxb5 23. cxb5 Rc8 24. R3e2 {1/2-1/2 Bailet,P (2500)-Kirk,E (2349)
/Open 2016} 1/2-1/2

[Event "3e Open International des Sables d'Olonn"]
[Site "Les Sables d'Olonne ; France"]
[Date "2016.07.18"]
[Round "3.3"]
[White "Okhotnik, Vladimir"]
[Black "Le Goff, Ronan"]
[Result "1-0"]
[WhiteElo "2454"]
[BlackElo "2321"]
[PlyCount "125"]
[EventDate "2016.??.??"]

1. d4 Nf6 2. Nf3 e6 3. Bf4 c5 4. e3 Nc6 5. c3 b6 6. Nbd2 Be7 7. h3 O-O 8. Bd3
Bb7 9. Qe2 d6 10. O-O Re8 11. Bg3 Bf8 12. Rad1 cxd4 13. exd4 Ne7 14. Rfe1 a6
15. a4 Ng6 16. Bh2 Nd5 17. Qf1 Qd7 18. Ra1 Ndf4 19. Be4 d5 20. Bc2 Bd6 21. Bxf4
Bxf4 22. Qd3 a5 23. Nb1 Ba6 24. Qd1 b5 25. axb5 Qxb5 26. b4 Qb6 27. Rxa5 Bc4
28. g3 Bd6 29. Rxa8 Rxa8 30. Nbd2 Bb5 31. Nb3 Qc7 32. Bxg6 hxg6 33. Qd2 Qc4 34.
Na5 Qc7 35. Kg2 Rc8 36. Re3 Qa7 37. Ne5 Ra8 38. Re1 Qc7 39. Nd3 Qe7 40. Nc5 e5
41. Ncb7 e4 42. Nxd6 Qxd6 43. Qg5 Rc8 44. Nb7 Qc6 45. Nc5 Ra8 46. h4 Bc4 47. h5
gxh5 48. Qxh5 g6 49. Qg5 Kg7 50. Rh1 Re8 51. Qh6+ Kf6 52. Qh4+ Kg7 53. Qh7+ Kf8
54. Qh8+ Ke7 55. Qe5+ Kd8 56. Qb8+ Ke7 57. Qa7+ Kf8 58. Rh7 Re7 59. Rh8+ Kg7
60. Qxe7 Kxh8 61. Qf8+ Kh7 62. Qxf7+ Kh6 63. Ne6 1-0

[Event "3e Open International des Sables d'Olonn"]
[Site "Les Sables d'Olonne ; France"]
[Date "2016.07.18"]
[Round "3.4"]
[White "Grishchenko, Sergey"]
[Black "Calistri, Tristan"]
[Result "1-0"]
[WhiteElo "2441"]
[BlackElo "2300"]
[PlyCount "75"]
[EventDate "2016.??.??"]

1. d4 Nf6 2. c4 g6 3. Nc3 Bg7 4. e4 d6 5. Be2 O-O 6. Be3 c5 7. d5 a6 8. a4 Qa5
9. Bd2 e6 10. Nf3 exd5 11. Nxd5 Qd8 12. Bg5 Re8 13. Nd2 Nc6 14. O-O Be6 15. Bd3
h6 16. Nxf6+ Bxf6 17. Bxh6 Bxb2 18. Rb1 Be5 19. f4 Bd4+ 20. Kh1 Nb4 21. Nb3 Bh8
22. f5 Bd7 23. fxg6 fxg6 24. Qf3 Be5 25. Qf7+ Kh8 26. Qxg6 Qh4 27. Rf4 Bg4 28.
Bg7+ Bxg7 29. Rxg4 Qh7 30. Qxh7+ Kxh7 31. Be2 Re7 32. Nc1 Rae8 33. Bf3 d5 34.
cxd5 Nxd5 35. Ne2 Nc3 36. Nxc3 Bxc3 37. Rb3 Be5 38. Be2 1-0

[Event "3e Open International des Sables d'Olonn"]
[Site "Les Sables d'Olonne ; France"]
[Date "2016.07.18"]
[Round "3.5"]
[White "Navrotescu, Andreea-Cristiana"]
[Black "Stets, Dmitry"]
[Result "1/2-1/2"]
[WhiteElo "2289"]
[BlackElo "2416"]
[PlyCount "91"]
[EventDate "2016.??.??"]

1. c4 g6 2. Nc3 Bg7 3. g3 Nf6 4. Bg2 O-O 5. e4 d6 6. Nge2 c5 7. d3 Nc6 8. O-O
Bd7 9. a3 Ne8 10. Be3 a5 11. f4 Nd4 12. a4 e6 13. Ra2 Bc6 14. Nb5 Nxe2+ 15.
Qxe2 f5 16. e5 Bxg2 17. Kxg2 Qd7 18. exd6 Nxd6 19. b3 b6 20. Rd2 Rfe8 21. Qf3
Nxb5 22. axb5 a4 23. d4 cxd4 24. Bxd4 axb3 25. Rfd1 Bxd4 26. Rxd4 Ra2+ 27. Kg1
Qa7 28. Rd8 Rxd8 29. Rxd8+ Kg7 30. Qxb3 Kh6 31. Qc3 Qc7 32. Rd4 Qc5 33. Qe3 Qb4
34. Rd1 Qxc4 35. g4 fxg4 36. f5+ Kh5 37. fxe6 Re2 38. Rd5+ Qxd5 39. Qxe2 Qc5+
40. Kg2 Qd5+ 41. Kf2 Qc5+ 42. Qe3 Qc2+ 43. Kg3 Qc7+ 44. Kg2 Qc2+ 45. Kg3 Qc7+
46. Kg2 1/2-1/2

[Event "3e Open International des Sables d'Olonn"]
[Site "Les Sables d'Olonne ; France"]
[Date "2016.07.18"]
[Round "3.6"]
[White "Duboue, Peio"]
[Black "Bogdanov, Egor"]
[Result "1/2-1/2"]
[WhiteElo "2400"]
[BlackElo "2269"]
[PlyCount "115"]
[EventDate "2016.??.??"]

1. d4 Nf6 2. Nf3 g6 3. Bf4 Bg7 4. e3 d6 5. h3 Nbd7 6. Be2 b6 7. O-O Bb7 8. c4
O-O 9. Nc3 Ne4 10. Nxe4 Bxe4 11. Bh2 c5 12. Qd2 Bb7 13. d5 Nf6 14. a4 a6 15.
Ra3 b5 16. Rb3 b4 17. Rd3 Bc8 18. Qc1 Bf5 19. Rdd1 b3 20. Bd3 Bd7 21. e4 Bxa4
22. e5 Ne8 23. Rfe1 Bd7 24. Qf4 a5 25. Ng5 dxe5 26. Qh4 h6 27. Ne6 fxe6 28.
Bxe5 Nf6 29. Bxg6 exd5 30. cxd5 Kh8 31. Bb1 Rg8 32. Qg3 Bf8 33. Qd3 Rg7 34. Re3
c4 35. Qxc4 Qc8 36. Qd3 Qa6 37. Qxb3 Qb5 38. Qc2 Rc8 39. Qd2 Kg8 40. Ba2 Bf5
41. Qd4 Kh7 42. Qf4 Bc2 43. Rde1 Qa4 44. Qxa4 Bxa4 45. d6 Rd8 46. Bb1+ Kg8 47.
Ba2+ Kh7 48. Bb1+ Kg8 49. Rf3 Bc6 50. dxe7 Bxe7 51. Bxf6 Rxg2+ 52. Kxg2 Bxf3+
53. Kxf3 Bxf6 54. b3 Rd2 55. Bf5 Bd4 56. Rg1+ Kf7 57. Rg2 Rb2 58. Ke4 1/2-1/2

[Event "3e Open International des Sables d'Olonn"]
[Site "Les Sables d'Olonne ; France"]
[Date "2016.07.18"]
[Round "3.7"]
[White "Frick, Christoph"]
[Black "Secouard, Stephane"]
[Result "1-0"]
[WhiteElo "2245"]
[BlackElo "2010"]
[PlyCount "39"]
[EventDate "2016.??.??"]

1. Nc3 d6 2. e4 e5 3. Nf3 Nf6 4. d4 Nbd7 5. Bc4 Be7 6. O-O O-O 7. a4 b6 8. Qe2
c6 9. Rd1 Qc7 10. h3 Bb7 11. Ba2 a6 12. Nh4 Rfe8 13. Qc4 exd4 14. Qxf7+ Kh8 15.
Nf5 Bf8 16. Bf4 Qc8 17. Bxd6 Ne5 18. Bxe5 Rxe5 19. Rxd4 c5 20. Rd6 1-0